000 00620nam a2200169Ia 4500
008 090123s9999 xx 000 0 und d
082 _b32346
100 _aराजाध्यक्ष विजया
245 _aमर्ढेकरांची कविता
250 _a0
260 _bमौज प्रि.ब्यूरो
_c1991
600 _aराजाध्यक्ष विजया
630 _aमर्ढेकरांची कविता
700 _aराजाध्यक्ष विजया
730 _aमर्ढेकरांची कविता
942 _cBOOK
999 _c70405
_d70405